[Event "Alberta O1800"]
[Site "Edmonton"]
[Date "2016.08.27"]
[Round "2"]
[White "Tran Ly, Tristan"]
[Black "Findlay, Ian T"]
[Result "1-0"]
[WhiteElo "1957"]
[BlackElo "2250"]
[PlyCount "75"]
[EventDate "2016.08.27"]
[EventType "swiss"]
[EventRounds "5"]
[EventCountry "CAN"]
[SourceTitle "EXT 2017"]
[Source "ChessBase"]
[SourceDate "2016.10.25"]
[SourceVersion "1"]
[SourceVersionDate "2016.10.25"]
[SourceQuality "1"]

1. d4 Nf6 2. c4 e6 3. Nc3 Bb4 4. Qc2 Nc6 5. Nf3 d6 6. a3 Bxc3+ 7. Qxc3 0-0 8. b4 e5 9. dxe5 dxe5 10. Bb2 e4 11. Ng5 Re8 12. g3 h6 13. Nh3 a5 14. Bg2 axb4 15. axb4 Rxa1+ 16. Bxa1 Qe7 17. b5 Ne5 18. 0-0 Qc5 19. Nf4 Bf5 20. Rd1 Nfg4 21. e3 Qxc4 22. Qb2 c6 23. bxc6 bxc6 24. h3 Nf6 25. g4 Bh7 26. Bf1 Qa4 27. Be2 Nd3 28. Qc3 Kh8 29. h4 Rg8 30. g5 hxg5 31. hxg5 Nd5 32. Nxd5 cxd5 33. Rb1 Qa8 34. Qc7 Qa2 35. Bxg7+ Rxg7 36. Rb8+ Bg8 37. Rxg8+ Rxg8 38. Qh2+ 1-0

[Event "Calgary Alberta op"]
[Site "Calgary"]
[Date "2014.10.12"]
[Round "4.10"]
[White "Tran Ly, Tristan"]
[Black "Allan, Phillip"]
[Result "1/2-1/2"]
[WhiteElo "2128"]
[BlackElo "1871"]
[PlyCount "99"]
[EventDate "2014.10.11"]
[EventType "swiss"]
[EventRounds "6"]
[EventCountry "CAN"]
[SourceTitle "EXT 2022"]
[Source "ChessBase"]
[SourceDate "2021.10.06"]
[SourceVersion "1"]
[SourceVersionDate "2021.10.06"]
[SourceQuality "1"]

1. e4 Nf6 2. e5 Nd5 3. c4 Nb6 4. c5 Nd5 5. Bc4 e6 6. Nc3 Qh4 7. Nxd5 exd5 8. Bxd5 Bxc5 9. Qe2 Nc6 10. Nf3 Qe7 11. 0-0 0-0 12. Bxc6 dxc6 13. d4 Bb6 14. h3 Be6 15. Bg5 Qd7 16. Be3 Rae8 17. b3 f5 18. Rad1 h6 19. Qd3 Qf7 20. Bc1 Rd8 21. Bb2 Rd7 22. Qe2 Rfd8 23. Rd3 c5 24. Nd2 cxd4 25. Rc1 Ba5 26. Nc4 Bb4 27. f4 Be7 28. Qf2 c5 29. a4 b6 30. Qe2 Bxc4 31. Rxc4 Qe6 32. Qc2 a6 33. Qc1 Qc6 34. Rdxd4 Rxd4 35. Rxd4 Rxd4 36. Bxd4 Qd5 37. Bf2 Qxb3 38. a5 Kf8 39. axb6 Qxb6 40. Qc2 g6 41. Qd1 Qc6 42. Qb1 Qb5 43. Qc2 c4 44. Be1 Qb3 45. Qd2 Bc5+ 46. Kh2 Qd3 47. Qa5 Qd4 48. Bd2 Qg1+ 49. Kg3 Qd4 50. Qxa6 1/2-1/2

[Event "Medicine Hat op"]
[Site "Medicine Hat"]
[Date "2014.09.20"]
[Round "2.4"]
[White "Tran Ly, Tristan"]
[Black "Wong, Ford"]
[Result "1-0"]
[WhiteElo "1955"]
[BlackElo "1835"]
[PlyCount "67"]
[EventDate "2014.09.20"]
[EventType "swiss"]
[EventRounds "5"]
[EventCountry "CAN"]
[SourceTitle "EXT 2022"]
[Source "ChessBase"]
[SourceDate "2021.10.06"]
[SourceVersion "1"]
[SourceVersionDate "2021.10.06"]
[SourceQuality "1"]

1. d4 Nf6 2. c4 g6 3. Nc3 Bg7 4. e4 d6 5. h3 0-0 6. Nf3 Nbd7 7. Bg5 h6 8. Be3 e5 9. d5 Nc5 10. Nd2 a5 11. Be2 Bd7 12. g4 Nh7 13. Qc2 Qc8 14. 0-0-0 a4 15. Rdg1 c6 16. Bxc5 dxc5 17. Nxa4 Rxa4 18. Qxa4 cxd5 19. Qc2 d4 20. Rg3 Nf6 21. Rhg1 Ne8 22. Nf3 Nd6 23. Nh4 b5 24. Nf5 Nxf5 25. gxf5 g5 26. h4 f6 27. cxb5 Kh7 28. hxg5 fxg5 29. Rh1 Bf6 30. Bc4 Qb7 31. Qe2 Bg7 32. Qh5 Rf6 33. Qxg5 Qxe4 34. Qxg7# 1-0

[Event "Edmonton-B"]
[Site "Edmonton"]
[Date "2014.06.24"]
[Round "4"]
[White "Gardner, Robert"]
[Black "Tran Ly, Tristan"]
[Result "1-0"]
[WhiteElo "2295"]
[BlackElo "1945"]
[PlyCount "63"]
[EventDate "2014.06.21"]
[EventType "tourn"]
[EventRounds "5"]
[EventCountry "CAN"]
[SourceTitle "EXT 2022"]
[Source "ChessBase"]
[SourceDate "2021.10.06"]
[SourceVersion "1"]
[SourceVersionDate "2021.10.06"]
[SourceQuality "1"]

1. d4 Nf6 2. c4 e6 3. Nc3 Bb4 4. e3 0-0 5. Bd3 c5 6. Nge2 Nc6 7. 0-0 d5 8. a3 Bxc3 9. bxc3 b6 10. cxd5 exd5 11. a4 c4 12. Bc2 Re8 13. f3 Qc7 14. Ng3 h5 15. Re1 h4 16. Nf1 Bb7 17. e4 dxe4 18. fxe4 Na5 19. e5 Qc6 20. Ne3 Rad8 21. Qe2 Nd5 22. Nxd5 Qxd5 23. Qg4 f6 24. Bg6 fxe5 25. Bxe8 Rxe8 26. Bf4 e4 27. Be5 Rxe5 28. dxe5 e3 29. Rad1 Qf7 30. Rd8+ Kh7 31. Qxh4+ Kg6 32. Rd6+ 1-0